000
00257nam a2200109Ia 4500
008
190216s9999||||xx |||||||||||||| ||und||
100
_a
Sethunath
245
0
_a
Seemantham
260
_b
C I C C Book House
650
_a
Malayalam Novel-Malayalam
942
_c
BK
999
_c
26053
_d
26053